| 000 | 00368nam a2200157Ia 4500 | ||
|---|---|---|---|
| 008 | 220524s9999 xx 000 0 und d | ||
| 041 | _aeng | ||
| 082 | _a1 | ||
| 100 |
_aVking Penguin India _93497 |
||
| 245 | _aAditya Vikram Birla : A Biography | ||
| 260 |
_bVking Penguin India _c1997 |
||
| 300 | _a304p | ||
| 650 |
_aGenral _93498 |
||
| 906 | _a661 | ||
| 999 |
_c5380 _d5380 |
||